000 01660nam a2200481 i 4500
001 52836
003 KOSZ 005
005 20220927084800.0
008 070918s2006 pl a |001 0 pol
015 _aUWD 2007/21259
020 _a8388840797
035 _a991036182069705066
035 _a(PL-WaBN)b19721821-48omnis_nlop
035 _ab19721821
035 _a(OCoLC)749969679
035 _azz2006780133
035 _a(PL)b0000001972182
035 _a(EXLNZ-48OMNIS_NETWORK)9910107249905606
040 _aWA N
_cWA N
_dKOSZ 005/HR
041 0 _apol
_beng
046 _k2006
080 _a334.72
080 _a657.92
245 0 0 _aMetody wyceny spółki :
_bperspektywa klienta i inwestora : praca zbiorowa /
_cpod red. Marka Panfila i Andrzeja Szablewskiego ; aut. Andrzej Cwynar et al.].
260 _aWarszawa :
_bWydawnictwo Poltext,
_c2006.
300 _a681, [1] s. :
_bil. ;
_c25 cm.
336 _aTekst
_btxt
_2rdacontent
337 _aBez urządzenia pośredniczącego
_bn
_2rdamedia
338 _aWolumin
_bnc
_2rdacarrier
380 _aKsiążki
388 _a2001-
504 _aBibliogr. s. 655-667. Indeks.
546 _aStreszcz. ang. Spis treści także ang.
650 7 _aWycena przedsiębiorstwa
_2DBN
658 _aGospodarka, ekonomia, finanse
700 1 _aCwynar, Andrzej
_eAutor
700 1 _aPanfil, Marek
_eRedakcja
700 1 _aSzablewski, Andrzej T.
_eRedakcja
710 2 _aWydawnictwo Poltext
_4pbl
856 _uhttp://koha.tu.koszalin.pl/cgi-bin/koha/opac-detail.pl?biblionumber=52836
_yKatalog online BPK
942 _2UKD
_cKS
999 _c52836
_d52836